00941cam a2200241 i 4500001000400000003000800004005001700012008004100029020001500070035001700085040002700102041000800129082002400137245012800161260005600289300003100345500012400376504004100500526001900541650002800560700002200588856008900610282BD-RjUL20211208233141.0131117s1981 cau g 00| 0 eng d a0803915616 a(BD-RjUL)299 aDLCcDLCdBD-RjULbeng aeng00a001.4219bEVA 198100aEvaluation research and practice :bcomparative and international perspectives /cby Robert A. Levine ... [et al.] editors. aBeverly Hills, Calif. :bSage Publications,cc1981. a255 p. :bgraphs ;c23 cm. aPapers drawn from the American-German Workshop on Evaluation Research held at the Free University of Berlin, June 1979. aIncludes bibliographies and indexes. bsocial Science 0aEvaluationxCongresses.1 aLevine, Robert A.423Publisher descriptionuhttp://www.loc.gov/catdir/enhancements/fy0660/80026531-d.html